| 000 | 00478nam a2200145 i 4500 | ||
|---|---|---|---|
| 001 | 67730 | ||
| 003 | ES-MaACL | ||
| 007 | t| | ||
| 008 | 040203s1980 sp ||||1| spa d | ||
| 100 | 1 |
_aGalván Tudela, Alberto. _953692 |
|
| 245 | 1 | 0 |
_aTaganana, un estudio antropológico social / _cAlberto Galván Tudela. |
| 260 |
_aSanta Cruz de Tenerife : _bAula de Cultura de Tenerife, _c1980. |
||
| 300 |
_a298 p., 10 lám. : _bmap., il. ; _c21 cm. |
||
| 852 |
_aES-MaACL _jL-846 _bR.101577 |
||
| 999 |
_c67730 _d67730 |
||